| 000 | 00443nam a22001817a 4500 | ||
|---|---|---|---|
| 003 | NUST - PNEC | ||
| 005 | 20170116181145.0 | ||
| 008 | 151008b xxu||||| |||| 00| 0 eng d | ||
| 020 | _a8186299556 | ||
| 040 | _cLIBRARY | ||
| 082 | _a621.4021 GUP | ||
| 100 |
_914898 _aGupta, Rahul |
||
| 245 |
_aEngineering thermodynamics _cRahul Gupta |
||
| 250 | _a1st ed. | ||
| 260 | _c2003 | ||
| 650 |
_95418 _aThermodynamics _xME |
||
| 942 |
_2ddc _cBK |
||
| 999 |
_c70643 _d70643 |
||